Pripravte sa na kontrolu predajne!

Potraviny musia byť bezpečné. S akými najčastejšími nedostatkami sa stretávajú inšpektori Štátnej veterinárnej a potravinovej správy pri svojich kontrolách. Ozveny Samošky.

Salvato in:
Dettagli Bibliografici
Autore principale: Mišíková, Veronika
Natura: Capitolo di libro
Lingua:slovacco
Soggetti:
Tags: Aggiungi Tag
Nessun Tag, puoi essere il primo ad aggiungerne!!

MARC

LEADER 00000naa a2200000 4500
001 0234137
005 20200305103207.6
041 0 |a slo 
044 |a CZ 
245 1 0 |a Pripravte sa na kontrolu predajne!  |c Veronika Mišíková 
520 |a Potraviny musia byť bezpečné. S akými najčastejšími nedostatkami sa stretávajú inšpektori Štátnej veterinárnej a potravinovej správy pri svojich kontrolách. Ozveny Samošky. 
610 2 0 |a obchod 
610 2 0 |a predajne 
610 2 0 |a bezpečnosť potravinová 
610 2 0 |a bezpečnosť výrobkov 
610 2 0 |a kontrola štátna 
100 1 |a Mišíková, Veronika